| 000 | 00544nam a2200241Ia 4500 | ||
|---|---|---|---|
| 008 | 170712s9999 xx 000 0 und d | ||
| 020 | _a9712716945 | ||
| 050 | _a823 | ||
| 050 | _bR791 1988 | ||
| 100 | _aRosca, Ninotchka | ||
| 245 | _aState of war : | ||
| 245 | _ba novel / | ||
| 245 | _cby Ninotchka Rosca. | ||
| 260 | _aPhilippines : | ||
| 260 | _bAnvil, | ||
| 260 | _c1988 | ||
| 300 | _a382 pages : | ||
| 300 | _billustrations ; | ||
| 300 | _c21cm. | ||
| 650 | _aPhilippines -- | ||
| 650 | _aTitle. | ||
| 650 | _xFiction. | ||
| 999 |
_c340450 _d340450 |
||